Loading...
| Current Events | 2 | 25.00 | 100% | 50% | 100% |
| Fine Arts - Classical Music | 1 | 10.00 | 0% | 100% | 0% |
| Fine Arts - Other | 2 | 10.00 | 50% | 50% | 0% |
| Fine Arts - Painting and Sculpture | 3 | 6.67 | 67% | 0% | 0% |
| History - American | 5 | 10.00 | 140% | 20% | 0% |
| History - Ancient/Other | 2 | 20.00 | 100% | 50% | 50% |
| History - European | 5 | 12.00 | 80% | 40% | 0% |
| History - Other | 1 | 20.00 | 100% | 0% | 100% |
| History - World | 1 | 20.00 | 100% | 100% | 0% |
| Literature - American | 3 | 10.00 | 100% | 0% | 0% |
| Literature - British | 3 | 13.33 | 100% | 33% | 0% |
| Literature - European | 3 | 6.67 | 67% | 0% | 0% |
| Literature - World | 5 | 12.00 | 100% | 20% | 0% |
| Mythology | 5 | 14.00 | 60% | 60% | 20% |
| Other Academic | 1 | 20.00 | 100% | 100% | 0% |
| Philosophy | 3 | 10.00 | 100% | 0% | 0% |
| Religion | 2 | 10.00 | 50% | 50% | 0% |
| Science - Biology | 3 | 20.00 | 100% | 67% | 33% |
| Science - Chemistry | 1 | 10.00 | 100% | 0% | 0% |
| Science - Other | 5 | 8.00 | 60% | 20% | 0% |
| Science - Physics | 1 | 10.00 | 100% | 0% | 0% |
| Social Science | 2 | 15.00 | 100% | 50% | 0% |